LEADER 01256nam0 2200361 450 001 000018626 005 20060403181644.0 010 $a0-12-182161-7 011 $a0076-6879 100 $a20051129d1995----km-y0itaa50------ba 101 0 $aeng 102 $aUS 200 1 $aMitochondrial biogenesis and genetics$fedited by Giuseppe M. Attardi, Anne Chomyn 210 $aSan Diego...[etc.]$cAcademic Press$dc1995 215 $aXXIX, 540 p.$cill.$d24 cm 225 2 $aMethods in enzymology$V260 327 1 $aParte A. - c1995. - XXIX, 540 p. 410 1$12001$aMethods in enzymology$v260 606 1 $aCondrioma 606 2 $aGenetica 676 $a571.657$v(21. ed.)$9Biologia cellulare. Mitocondri 676 $a572.8$v(21. ed.)$9Genetica biochimica 702 1$aAttardi,$bGiuseppe M. 702 1$aChomyn,$bAnne 801 0$aIT$bUniversitą della Basilicata - B.I.A.$gRICA$2unimarc 912 $a000018626 996 $aMitochondrial biogenesis and genetics$983612 997 $aUNIBAS BAS $aAGRARIA CAT $aSTD042$b00$c20051129$lBAS01$h1026 CAT $aTTM$b30$c20060403$lBAS01$h1816 FMT Z30 -1$lBAS01$LBAS01$mBOOK$1BASA2$APolo Tecnico-Scientifico$2DID$BDidattica$3PTS$679274$5A79274$820051129$f98$FConsultazione LEADER 02062nas 2200469 n 450 001 990008936220403321 005 20240229084312.0 011 $a0366-6581 035 $a000893622 035 $aFED01000893622 035 $a(Aleph)000893622FED01 035 $a000893622 091 $2CNR$aP 00002045 100 $a20090724b19291935km-y0itaa50------ba 101 0 $aeng 102 $aCA 110 $aauu-------- 200 1 $aCanadian journal of research 207 1$a1929-1935 210 $aOttawa$cNational Research Council 433 0$1001000893623$12001$aCanadian journal of research. Section A: Physical sciences 433 0$1001000893624$12001$aCanadian journal of research. Section B: Chemical sciences 433 0$1001000893625$12001$aCanadian journal of research. Section D: Zoological sciences 446 0$12001$aCanadian journal of research. Section E: Medical sciences 446 0$12001$aCanadian journal of research. Section C: Botanical sciences 446 0$12001$aCanadian journal of research. Section F: Technology 530 0 $aCanadian journal of research 675 $a001.891 675 $a5 675 $a6 676 $a505 712 02$aNational Research Council Canada 801 0$aIT$bACNP$c20090723 859 4 $uhttp://acnp.cib.unibo.it/cgi-ser/start/it/cnr/dc-p1.tcl?catno=1051&person=false&language=ITALIANO&libr=&libr_th=unina1$zBiblioteche che possiedono il periodico 901 $aSE 912 $a990008936220403321 958 $aBiblioteca. Dipartimento di Chimica. Complesso Universitario di Monte S. Angelo.$b1929-1935.$fDCH 959 $aDCH 996 $aCanadian journal of research$9796663 997 $aUNINA AP1 8 $6866-01$aNA007 Biblioteca. Dipartimento di Chimica. Complesso Universitario di Monte S. Angelo.$evia Cinthia 4, 80126 Napoli (NA)$m081674497-081674488$m081674090$nit AP2 40$aacnp.cib.unibo.it$nACNP Italian Union Catalogue of Serials$uhttp://acnp.cib.unibo.it/cgi-ser/start/it/cnr/df-p.tcl?catno=1051&language=ITALIANO&libr=&person=&B=1&libr_th=unina&proposto=NO LEADER 01845oam 22005054a 450 001 9910552783803321 005 20210915035125.0 010 $a0-8142-7304-1 035 $a(CKB)3780000000104795 035 $a(OCoLC)654215682 035 $a(MdBmJHUP)muse34520 035 $a(EXLCZ)993780000000104795 100 $a20040415d2004 uy 0 101 0 $aeng 135 $aur|||||||nn|n 181 $ctxt$2rdacontent 182 $cc$2rdamedia 183 $acr$2rdacarrier 200 10$aAuthorizing Policy$fThad Hall 210 1$aColumbus :$cOhio State Univ. Press,$d2004. 210 4$d©2004. 215 $a1 online resource (xii, 147 p. :)$cill. ; 225 0 $aParliaments and legislatures 311 $a0-8142-0972-6 320 $aIncludes bibliographical references and index. 327 $aPolicy periodicity -- How short-term authorizations work -- Controlling policy change -- Signaling to appropriators -- Oversight and short-term authorizations -- Steering agencies with reauthorizations -- Policy control and short-term authorizations -- The new policy environment -- Conclusion. 410 0$aParliaments and legislatures series. 606 $aPolicy sciences 606 $aExpenditures, Public$zUnited States$xDecision making 606 $aBudget$zUnited States 606 $aBudget process$zUnited States 607 $aUnited States$xAppropriations and expenditures$xDecision making 608 $aElectronic books. 615 0$aPolicy sciences. 615 0$aExpenditures, Public$xDecision making. 615 0$aBudget 615 0$aBudget process 676 $a328.73/07657 700 $aHall$b Thad E$g(Thad Edward),$f1968-$01124551 801 0$bMdBmJHUP 801 1$bMdBmJHUP 906 $aBOOK 912 $a9910552783803321 996 $aAuthorizing Policy$92804993 997 $aUNINA